LEADER 01243nam a2200301 i 4500 001 000000344174 003 CaOOAMICUS 005 20210215164743.0 008 210204s1977 fr a u001 u fre u 013 $a113917 040 $aSeMil$bita 100 1 $aGay, Jean.$0(OLS)http://semarc/name/112981 245 10$aLibermann :$bjuif selon l'Évangile 1802-1852 /$cMgr Jean Gay ; préface d'André Frossard. 260 $aParis :$bBeauchesne,$c1977. 300 $a316 p. ;$c19 cm 490 0 $aFigures d'hier et d'aujourd'hui 504 $aContiene : Bibliographie 541 $aFondo mons. Pasquale Macchi (3G I 459) 650 4$aLibermann, Jacob François-Marie-Paul.$0(OLS)http://semarc/subject/12206 700 1 $aFrossard, André,$d<1915-1995>.$0(OLS)http://semarc/name/90400 830 0$aFigures d'hier et d'aujourd'hui.$0(OLS)http://semarc/title/22051 850 $aSeMil 852 $aSeMil$W1$xVenegono$y1$m3G I 459$j224051$B235202$CSeMilBibl$Z2$F235202 $81 941 1 $a8 961 $aFondo mons. Pasquale Macchi 996 $6245$aLibermann :$bjuif selon l'Évangile 1802-1852$9(OLS)http://semarc/title/433255 996 $6260$aParis :$bBeauchesne$9(OLS)http://semarc/publisher/29638 LEADER 01342nam a2200301 i 4500 001 000000066911 003 CaOOAMICUS 005 20130222000000.0 008 130222s1998 it u000 u ita u 013 $a38083 020 $a88-87103-11-9 040 $aSeMil$bita 100 1 $aAgo, Lorenzo M. .$0(OLS)http://semarc/name/33534 245 13$aLa «Salutatio Beatae Mariae Virginis» di san Francesco di Assisi /$cLorenzo M. Ago. 260 $aRoma :$bEd. Monfortane,$c1998. 300 $a401 p. ;$c24 cm. 490 0 $aMonumenta Italica Mariana. Studi e testi ;$v3 500 $aContiene : Appendici. 600 04$aFrancesco : d'Assisi .$0(OLS)http://semarc/subject/1416 650 4$aMadonna - Preghiere.$0(OLS)http://semarc/subject/6540 650 4$aMadonna - Studi.$0(OLS)http://semarc/subject/1437 830 0$aMonumenta Italica Mariana. Studi e testi ;$v3.$0(OLS)http://semarc/title/13528 850 $aSeMil 852 $aSeMil$W1$xVenegono$y1$m2L II 147$j33064$B33064$CSeMilBibl$Z2$F33067 $81 961 $aOmaggio: Scuola Cattolica 996 $6020$a88-87103-11-9$9(OLS)http://semarc/number/44679 996 $6245$aLa «Salutatio Beatae Mariae Virginis» di san Francesco di Assisi$9(OLS)http://semarc/title/106522 996 $6260$aRoma :$bEd. Monfortane$9(OLS)http://semarc/publisher/29862